[Event "World Blitz Women 2025"]
[Site "Doha QAT"]
[Date "2025.12.29"]
[Round "1.65"]
[White "Badelka, Olga"]
[Black "Fawaz, Nadia"]
[Result "1/2-1/2"]
[WhiteTitle "IM"]
[BlackTitle "WFM"]
[WhiteElo "2395"]
[BlackElo "1957"]
[WhiteFideId "13509926"]
[BlackFideId "5309743"]
[EventDate "2025.12.29"]

1. c4 e5 2. Nc3 Nf6 3. Nf3 Nc6 4. e4 Bb4 5. d3 O-O 6. a3 Be7 7. h3 d6 8. Be3 a6
9. Be2 h6 10. O-O Be6 11. d4 exd4 12. Nxd4 Nxd4 13. Qxd4 Nd7 14. Rad1 Bf6 15.
Qd2 Ne5 16. Nd5 Bxd5 17. cxd5 Re8 18. Qc2 Rc8 19. b4 Qd7 20. f4 Ng6 21. Bg4 Qe7
22. Bxc8 Rxc8 23. Bd4 Bxd4+ 24. Rxd4 Qf6 25. Qd2 Re8 26. Rc4 Re7 27. Qd4 Qh4 28.
Qf2 Qf6 29. g3 b5 30. Rd4 Re8 31. Rc1 Re7 32. Rcd1 Re8 33. Qf3 Ne5 34. Qf2 Nc4
35. Qf3 Ne5 36. Qc3 Nc4 37. Qc1 Qg6 38. Qc3 Qf6 39. Qf3 Ne5 40. Qg2 Nc4 41. R4d3
Nb2 42. Qd2 Nxd3 43. Qxd3 Qg6 44. Kh2 Qxe4 45. Qxe4 Rxe4 46. Rc1 Rc4 47. Re1 Kf8
48. Re3 Rd4 49. Rc3 Rxd5 50. Rxc7 Rd3 51. Rc6 Rxa3 52. Rxd6 Rb3 53. Rxa6 Rxb4
54. h4 Rb2+ 55. Kh3 b4 56. h5 b3 57. Ra7 Rb1 58. Kg4 Ke8 59. Rb7 b2 60. Kf5 Rg1
61. Rxb2 Rxg3 62. Rb8+ Ke7 63. Rb7+ Ke8 64. Rb8+ 1/2-1/2

[Event "World Blitz Women 2025"]
[Site "Doha QAT"]
[Date "2025.12.29"]
[Round "1.66"]
[White "Echcharbiny, Wissal"]
[Black "Shukhman, Anna"]
[Result "0-1"]
[BlackTitle "WGM"]
[WhiteElo "1726"]
[BlackElo "2431"]
[WhiteFideId "9014853"]
[BlackFideId "54180058"]
[EventDate "2025.12.29"]

1. d4 Nf6 2. e3 c5 3. c3 d5 4. Bd3 g6 5. Nd2 Nc6 6. f4 Bg4 7. Ngf3 Bg7 8. O-O
Rc8 9. Qe1 c4 10. Bc2 Bf5 11. Qd1 b5 12. Ne5 O-O 13. a3 a5 14. Bxf5 gxf5 15. Rf3
Kh8 16. Rh3 Nxe5 17. fxe5 Ng4 18. Nf3 e6 19. Rg3 Bh6 20. Qe2 Bg5 21. h3 Bh4 22.
Nxh4 Qxh4 23. Qf3 Nh6 24. Bd2 Rg8 25. Rxg8+ Rxg8 26. Be1 Qg5 27. Bf2 f6 28. exf6
Qxf6 29. Rf1 Nf7 30. Kh1 Qg6 31. Bh4 Nd6 32. Re1 Ne4 33. Re2 h6 34. Be1 Kh7 35.
Bh4 Rg7 36. Be1 Ng5 37. Qf2 Qf6 38. Qf4 Ne4 39. Bh4 Qg6 40. Qf1 Qh5 41. Bf2 Rg3
42. Kh2 Rg8 43. Be1 Qf7 44. Bh4 Qc7+ 0-1

[Event "World Blitz Women 2025"]
[Site "Doha QAT"]
[Date "2025.12.29"]
[Round "1.67"]
[White "Nguyen Hong Anh"]
[Black "Alsemairi, Dalia"]
[Result "1-0"]
[WhiteTitle "WIM"]
[BlackTitle "WCM"]
[WhiteElo "2010"]
[BlackElo "1802"]
[WhiteFideId "12406732"]
[BlackFideId "21511217"]
[EventDate "2025.12.29"]

1. d4 d5 2. c4 e6 3. Nc3 c6 4. Nf3 dxc4 5. a4 Bb4 6. e3 b5 7. Be2 Bb7 8. O-O
Bxc3 9. bxc3 Nf6 10. Ba3 Nbd7 11. Qc2 h6 12. Rfd1 Nd5 13. e4 Nf4 14. Bf1 Qc7 15.
g3 Ng6 16. Bg2 Ne7 17. Qb2 Nf6 18. axb5 cxb5 19. Bxe7 Qxe7 20. Qxb5+ Kf8 21. d5
Nxe4 22. d6 Nxd6 23. Rxd6 Qxd6 24. Qxb7 Rd8 25. Nd4 g6 26. Rxa7 Rh7 27. Be4 Rg7
28. Qc7 Qxc7 29. Rxc7 Kg8 30. Rxc4 Kh7 31. Rc7 Ra8 32. Bxa8 1-0

[Event "World Blitz Women 2025"]
[Site "Doha QAT"]
[Date "2025.12.29"]
[Round "1.68"]
[White "Al-Khulaifi, Ghada"]
[Black "Nomin-Erdene, Davaademberel"]
[Result "0-1"]
[WhiteTitle "WCM"]
[BlackTitle "IM"]
[WhiteElo "1630"]
[BlackElo "2312"]
[WhiteFideId "12100633"]
[BlackFideId "4900782"]
[EventDate "2025.12.29"]

1. e4 c6 2. d4 d5 3. e5 Bf5 4. Nc3 e6 5. Nf3 Nd7 6. Bd3 Ne7 7. O-O Bxd3 8. Qxd3
Nf5 9. a3 c5 10. Nb5 Qb6 11. c4 dxc4 12. Qxc4 a6 13. dxc5 Qxb5 14. Qxb5 axb5 15.
b4 b6 16. c6 Nb8 17. c7 Na6 18. Bd2 Nxc7 19. Rfc1 Nd5 20. Rc6 Be7 21. g4 Nh4 22.
Nd4 O-O 23. Nxb5 Nf3+ 24. Kg2 Nxd2 25. Rd1 Ne4 26. f3 Ne3+ 27. Kg1 Nxd1 28. fxe4
Rfc8 29. Rxc8+ Rxc8 30. Nd6 Rc2 31. Nc8 Bg5 32. Nxb6 Be3+ 33. Kf1 Bxb6 34. Ke1
Nc3 0-1

[Event "World Blitz Women 2025"]
[Site "Doha QAT"]
[Date "2025.12.29"]
[Round "1.69"]
[White "Pham, Le Thao Nguyen"]
[Black "Lau, Chloe Hailey"]
[Result "1-0"]
[WhiteTitle "IM"]
[WhiteElo "2348"]
[BlackElo "1562"]
[WhiteFideId "12401226"]
[BlackFideId "6012469"]
[EventDate "2025.12.29"]

1. d4 d5 2. Nf3 Nf6 3. Bf4 c5 4. e3 Nc6 5. Nbd2 Bf5 6. dxc5 e6 7. Nd4 Bxc5 8.
Nxf5 exf5 9. c3 O-O 10. Be2 Re8 11. O-O g6 12. Nb3 Be7 13. Qc2 Rc8 14. Rad1 Qb6
15. Bf3 Red8 16. Bg5 Ne4 17. Bxe7 Nxe7 18. Nd4 Nc6 19. Qb3 Nxd4 20. Rxd4 Qxb3
21. axb3 Rc6 22. Rfd1 Rcd6 23. b4 b5 24. Be2 a6 25. Ra1 Kf8 26. Ra3 Ke7 27. Rd1
Rc8 28. f3 Nf6 29. Kf2 Nd7 30. h3 Ne5 31. g4 Nc4 32. Bxc4 Rxc4 33. gxf5 gxf5 34.
f4 Rc8 35. Rg1 Kf6 36. Rg3 Re8 37. Ra1 Rde6 38. Rd1 Rd6 39. Rg5 h6 40. Rh5 Kg6
41. Rh4 h5 42. Rg1+ 1-0

[Event "World Blitz Women 2025"]
[Site "Doha QAT"]
[Date "2025.12.29"]
[Round "1.70"]
[White "Alotaibi, Maitha Abdulrahman A"]
[Black "Savitha, Shri B"]
[Result "0-1"]
[BlackTitle "IM"]
[WhiteElo "1600"]
[BlackElo "2334"]
[WhiteFideId "21524009"]
[BlackFideId "35061887"]
[EventDate "2025.12.29"]

1. d4 Nf6 2. c4 g6 3. Nc3 Bg7 4. Nf3 O-O 5. e4 d6 6. Be2 e5 7. d5 Na6 8. a3 Nc5
9. Bd3 Bg4 10. O-O Nh5 11. Be2 a5 12. Be3 Nf4 13. Bxc5 dxc5 14. h3 Bh5 15. Nh2
Qg5 16. Ng4 f5 17. g3 Nxh3+ 18. Kg2 Bxg4 19. Bxg4 fxg4 20. Rh1 Rxf2# 0-1

[Event "World Blitz Women 2025"]
[Site "Doha QAT"]
[Date "2025.12.29"]
[Round "2.1"]
[White "Cori T., Deysi"]
[Black "Tan, Zhongyi"]
[Result "0-1"]
[WhiteTitle "IM"]
[BlackTitle "GM"]
[WhiteElo "2349"]
[BlackElo "2524"]
[WhiteFideId "3801934"]
[BlackFideId "8603642"]
[EventDate "2025.12.29"]

1. Nf3 d5 2. g3 c5 3. Bg2 Nc6 4. d4 e6 5. O-O cxd4 6. Nxd4 Bc5 7. Nb3 Bb6 8. e4
Nf6 9. exd5 Nxd5 10. c4 Ndb4 11. Na3 O-O 12. c5 Bc7 13. Nc4 Nd5 14. Qe2 b6 15.
Rd1 Ba6 16. a3 Qe7 17. Qc2 bxc5 18. Ne3 c4 19. Bxd5 exd5 20. Nxd5 Qd8 21. Nc5
Bc8 22. Be3 Ne5 23. Qe4 Bg4 24. Nxc7 Qxc7 25. Bf4 Bxd1 26. Bxe5 Qxc5 27. Rxd1
Rad8 28. Rc1 Rfe8 29. Re1 f6 0-1

[Event "World Blitz Women 2025"]
[Site "Doha QAT"]
[Date "2025.12.29"]
[Round "2.2"]
[White "Lagno, Kateryna"]
[Black "Bodnaruk, Anastasia"]
[Result "1-0"]
[WhiteTitle "GM"]
[BlackTitle "IM"]
[WhiteElo "2508"]
[BlackElo "2357"]
[WhiteFideId "14109336"]
[BlackFideId "4181751"]
[EventDate "2025.12.29"]

1. e4 c5 2. Nf3 d6 3. Bb5+ Nd7 4. O-O a6 5. Bxd7+ Bxd7 6. Nc3 Nf6 7. e5 dxe5 8.
Nxe5 e6 9. d4 Bd6 10. Re1 O-O 11. dxc5 Bxc5 12. Bg5 Bc6 13. Nxc6 Qxd1 14. Raxd1
bxc6 15. Bxf6 gxf6 16. Ne4 Be7 17. Rd7 Rfe8 18. g4 Kf8 19. Red1 Rab8 20. b3 Rb5
21. c4 Ra5 22. R1d2 Re5 23. Nd6 Rb8 24. Kf1 Ra5 25. Ne4 f5 26. gxf5 Rxf5 27. Ng3
Ra5 28. Rc7 c5 29. Rdd7 Re8 30. a4 h6 31. Ke2 h5 32. Nxh5 e5 33. Ng3 f6 34. Nf5 1-0

[Event "World Blitz Women 2025"]
[Site "Doha QAT"]
[Date "2025.12.29"]
[Round "2.3"]
[White "Koneru, Humpy"]
[Black "Shvedova, Alexandra"]
[Result "1-0"]
[WhiteTitle "GM"]
[BlackTitle "WIM"]
[WhiteElo "2535"]
[BlackElo "2255"]
[WhiteFideId "5008123"]
[BlackFideId "54154782"]
[EventDate "2025.12.29"]

1. Nf3 Nf6 2. c4 e6 3. b3 d5 4. Bb2 Bd6 5. e3 b6 6. Nc3 a6 7. g3 Bb7 8. Bg2 Nbd7
9. cxd5 exd5 10. O-O O-O 11. Rc1 Qe7 12. d3 Ba3 13. Bxa3 Qxa3 14. Rc2 Rfe8 15.
Qd2 Qd6 16. Rfc1 Rac8 17. Ne2 c5 18. d4 Ne4 19. Qd1 Nf8 20. dxc5 bxc5 21. Nc3
Nf6 22. Rd2 Rcd8 23. Nh4 Ne6 24. Nf3 h6 25. Qc2 Qb8 26. Rcd1 Nc7 27. Ne1 Qa8 28.
Na4 Ne4 29. Bxe4 dxe4 30. Rxd8 Rxd8 31. Nxc5 Rxd1 32. Qxd1 Bd5 33. Nc2 Qc6 34.
b4 Nb5 35. Qd2 g6 36. a4 Nd6 37. Nd4 Qc8 38. Qc3 Nc4 39. Qc1 Ne5 40. Kg2 Qe8 41.
Qc3 Qc8 42. Qb2 Qe8 43. b5 axb5 44. axb5 Qb8 45. b6 Nc4 46. Qb5 Qxb6 47. Qe8+
Kg7 48. Nxe4 Bxe4+ 49. Qxe4 Qf6 50. Qd5 Ne5 51. h3 Nd3 52. Nf3 Nb4 53. Qc4 Nc6
54. h4 Ne7 55. Qe4 Nf5 56. Nd4 Nd6 57. Qd5 Qe7 58. Nc6 Qe4+ 59. Qxe4 Nxe4 60.
Kf3 Nd6 61. Kf4 Kf6 62. Nd4 g5+ 63. Kg4 Ne4 64. f3 Nf2+ 65. Kh5 Nh1 66. Kg4 Nf2+
67. Kh5 Nh1 68. Ne2 gxh4 69. gxh4 Kg7 70. e4 Nf2 71. Nd4 Nd3 72. Nf5+ Kf6 73.
Nxh6 Ne1 74. Kg4 Nd3 75. Nf5 Ne5+ 76. Kf4 Ng6+ 77. Kg3 Ne5 78. f4 Nd3 79. h5 Nc5
80. Kf3 Ne6 81. Kg4 Nc5 82. e5+ Ke6 83. h6 Nd7 84. h7 Kd5 1-0

[Event "World Blitz Women 2025"]
[Site "Doha QAT"]
[Date "2025.12.29"]
[Round "2.4"]
[White "Bulmaga, Irina"]
[Black "Assaubayeva, Bibisara"]
[Result "1/2-1/2"]
[WhiteTitle "IM"]
[BlackTitle "GM"]
[WhiteElo "2389"]
[BlackElo "2497"]
[WhiteFideId "13903063"]
[BlackFideId "13708694"]
[EventDate "2025.12.29"]

1. e4 c5 2. c3 d5 3. exd5 Qxd5 4. d4 Nc6 5. Nf3 Bf5 6. Be3 cxd4 7. Nxd4 Nf6 8.
Nxf5 Qxf5 9. Bd3 Qd5 10. O-O O-O-O 11. Be2 Qxd1 12. Rxd1 Rxd1+ 13. Bxd1 e6 14.
Bf3 Kc7 15. Nd2 Ne5 16. Bf4 Bd6 17. Bxe5 Bxe5 18. Nc4 Nd7 19. Rd1 Bf6 20. Bxb7
Rb8 21. Bf3 Ne5 22. Nxe5 Bxe5 23. b3 Rd8 24. Rxd8 Kxd8 25. c4 Kc7 26. Kf1 Kd6
27. Be4 h6 28. h3 Kc5 29. Ke2 Kd4 30. Bh7 Kc3 31. Bg8 Kb2 32. Kd3 Kxa2 33. Kc2
f6 34. Bxe6 Ka3 35. Bd7 Kb4 36. Ba4 Kc5 37. Kd3 Kd6 38. Ke4 Ke6 39. g4 g5 40.
Bc6 a5 41. Bd5+ Ke7 42. Kf5 Bd4 43. f3 Kd6 44. Kg6 Ke7 45. Kxh6 Be3 46. Kh5 Bf2
47. Kg6 Be3 48. Kf5 Bd4 49. f4 Be3 50. h4 gxh4 51. g5 fxg5 52. fxg5 h3 53. Kg6
h2 54. Kh5 Kf8 55. Kg4 Ke7 56. Be4 Kf7 57. g6+ Kf6 58. Kh3 Bf4 59. Kg2 Bd6 60.
Kf1 h1=Q+ 61. Bxh1 Kxg6 62. Ke2 Kf6 63. Kd3 Bc5 64. Bd5 Ke5 65. Kc2 Kd6 1/2-1/2

[Event "World Blitz Women 2025"]
[Site "Doha QAT"]
[Date "2025.12.29"]
[Round "2.5"]
[White "Kosteniuk, Alexandra"]
[Black "Charkhalashvili, Inga"]
[Result "1/2-1/2"]
[WhiteTitle "GM"]
[BlackTitle "WGM"]
[WhiteElo "2483"]
[BlackElo "2235"]
[WhiteFideId "4128125"]
[BlackFideId "13601431"]
[EventDate "2025.12.29"]

1. e4 c6 2. Nf3 d5 3. exd5 cxd5 4. Ne5 Nf6 5. d4 Nc6 6. c3 g6 7. Bd3 Bg7 8. O-O
O-O 9. Nd2 Nxe5 10. dxe5 Ng4 11. Nf3 Nxe5 12. Nxe5 Bxe5 13. f4 Bg7 14. f5 e5 15.
fxe6 Bxe6 16. Kh1 Rc8 17. Be3 d4 18. cxd4 Bxd4 19. Bh6 Bg7 20. Bxg7 Kxg7 21. Qe2
Qa5 22. a3 Rfd8 23. b4 Qg5 24. Qb2+ Kg8 25. Rad1 Bd5 26. Qf2 b6 27. Ba6 Rc7 28.
h4 Qg4 29. Rd3 Rcd7 30. Rfd1 Be6 31. Rxd7 Rxd7 32. Rxd7 Bxd7 33. Be2 Qe6 34. Bf3
Bc6 35. Bxc6 Qxc6 36. Qe3 Qf6 37. g3 Qe6 38. Qc3 Qd5+ 39. Kh2 h5 40. Qe3 Qd6 41.
Qc3 Qe6 42. Qd3 Kh7 43. Qc3 Qd5 44. Qe3 Qa2+ 45. Kg1 Qb1+ 46. Kh2 Qc2+ 47. Kg1
Qd1+ 48. Kh2 Qf1 49. Qe7 a5 50. bxa5 bxa5 51. Qa7 Qe2+ 52. Kg1 Qe1+ 53. Kg2 Qd2+
54. Kg1 Kg7 55. Qc5 Kf6 56. Qc6+ Kg7 57. Qc5 Qe1+ 58. Kg2 Qe2+ 59. Kg1 Qd2 60.
Qe5+ Kh7 61. Qf6 Qe3+ 62. Kg2 Qe2+ 63. Kg1 Qe6 64. Qc3 a4 65. Kh2 Qb3 66. Qf6
Qd5 67. Qf4 Qa2+ 68. Kg1 Qa1+ 69. Kh2 Qa2+ 70. Kg1 Qb3 71. Kh2 Kg8 72. Qd6 Qc2+
73. Kg1 Qb3 74. Kh2 Qc4 75. Kg1 Kg7 76. Qe5+ Kh7 77. Qf6 Qd5 78. Kh2 Qe6 79. Qf4
Qa2+ 1/2-1/2

[Event "World Blitz Women 2025"]
[Site "Doha QAT"]
[Date "2025.12.29"]
[Round "2.6"]
[White "Atalik, Ekaterina"]
[Black "Zhu, Jiner"]
[Result "0-1"]
[WhiteTitle "IM"]
[BlackTitle "GM"]
[WhiteElo "2349"]
[BlackElo "2579"]
[WhiteFideId "4130189"]
[BlackFideId "8608059"]
[EventDate "2025.12.29"]

1. d4 Nf6 2. c4 e6 3. Nc3 Bb4 4. e3 O-O 5. Nf3 d5 6. Bd3 c5 7. O-O dxc4 8. Bxc4
Nc6 9. a3 Ba5 10. Ba2 h6 11. h3 cxd4 12. exd4 Ne7 13. Ne5 Bb6 14. Be3 Ned5 15.
Qe2 Bc7 16. Bd2 Bd7 17. Rac1 Rc8 18. Rfe1 Nxc3 19. bxc3 Ba4 20. Bb1 Bd6 21. Ng4
Nxg4 22. Qxg4 f5 23. Qe2 Bxa3 24. Qxe6+ Kh8 25. Bxf5 Bxc1 26. Rxc1 Rc6 27. Qe4
Rcf6 28. g4 Bc6 29. Qe5 Re8 30. Qc5 b6 0-1

[Event "World Blitz Women 2025"]
[Site "Doha QAT"]
[Date "2025.12.29"]
[Round "2.7"]
[White "Batsiashvili, Nino"]
[Black "Vaishali, Rameshbabu"]
[Result "1/2-1/2"]
[WhiteTitle "GM"]
[BlackTitle "GM"]
[WhiteElo "2462"]
[BlackElo "2473"]
[WhiteFideId "13602993"]
[BlackFideId "5091756"]
[EventDate "2025.12.29"]

1. d4 Nf6 2. Nf3 d5 3. Bf4 c5 4. e3 e6 5. Nbd2 Qb6 6. Rb1 Bd7 7. Ne5 cxd4 8.
Nxd7 Nbxd7 9. exd4 Qxd4 10. Be3 Qe5 11. Nf3 Qc7 12. Be2 Bc5 13. O-O O-O 14. Nd4
a6 15. c3 Rfe8 16. Kh1 e5 17. Nf5 Bxe3 18. fxe3 g6 19. Ng3 Qb6 20. Qd2 Rac8 21.
Rf3 h5 22. Bd1 e4 23. Rf4 Ne5 24. Be2 Re6 25. Rbf1 Rc7 26. h3 Rce7 27. R1f2 Kg7
28. a3 Nc6 29. Qc1 Qc7 30. Qf1 Qe5 31. Bd1 h4 32. Nf5+ gxf5 33. Rxf5 Qd6 34.
Rg5+ Kf8 35. Rgf5 Kg7 36. Rg5+ Kf8 37. Rgf5 Kg7 38. Rg5+ 1/2-1/2

[Event "World Blitz Women 2025"]
[Site "Doha QAT"]
[Date "2025.12.29"]
[Round "2.8"]
[White "Shuvalova, Polina"]
[Black "Padmini, Rout"]
[Result "1-0"]
[WhiteTitle "IM"]
[BlackTitle "IM"]
[WhiteElo "2502"]
[BlackElo "2354"]
[WhiteFideId "24171760"]
[BlackFideId "5029295"]
[EventDate "2025.12.29"]

1. e4 e5 2. Nf3 Nc6 3. Bc4 Nf6 4. d3 Bc5 5. O-O O-O 6. Re1 h6 7. c3 d6 8. Nbd2
a5 9. h3 Ba7 10. Nf1 Ne7 11. Ng3 Ng6 12. Bb3 Be6 13. d4 Qc8 14. Bxe6 Qxe6 15.
Qc2 Rfe8 16. Be3 c6 17. Rad1 exd4 18. Nxd4 Qxa2 19. c4 d5 20. exd5 cxd5 21. c5
Qc4 22. Qxc4 dxc4 23. Nb5 Bb8 24. Nf5 Be5 25. Nfd6 Re7 26. Nxc4 a4 27. Nxe5 Rxe5
28. Bd4 Rxe1+ 29. Rxe1 Nd5 30. Nd6 a3 31. bxa3 Rxa3 32. Re8+ Kh7 33. Nxb7 Rd3
34. Be3 Nxe3 35. fxe3 Rc3 36. Kf2 f6 37. Rc8 Ne5 38. Ke2 Rc2+ 39. Kf1 Kg6 40.
Nd6 h5 41. Ne4 h4 42. Nf2 Kf5 43. Rc7 g5 44. Rc8 Ke6 45. Ne4 Kf5 46. Nd6+ Ke6
47. Nb5 Rc1+ 48. Kf2 Rc2+ 49. Kg1 Rc1+ 50. Kh2 Rc2 51. Nd4+ Kd5 52. Nxc2 1-0

[Event "World Blitz Women 2025"]
[Site "Doha QAT"]
[Date "2025.12.29"]
[Round "2.9"]
[White "Dronavalli, Harika"]
[Black "Khamdamova, Afruza"]
[Result "0-1"]
[WhiteTitle "GM"]
[BlackTitle "WGM"]
[WhiteElo "2466"]
[BlackElo "2403"]
[WhiteFideId "5015197"]
[BlackFideId "14210444"]
[EventDate "2025.12.29"]

1. Nf3 d5 2. g3 Nf6 3. Bg2 c5 4. O-O Nc6 5. d3 e5 6. e4 d4 7. a4 Bd6 8. Na3 h6
9. Nc4 Bc7 10. Nh4 O-O 11. Nf5 Bxf5 12. exf5 Qd7 13. Qf3 Rae8 14. Re1 Nb4 15.
Na3 b6 16. Bd2 Nbd5 17. Nc4 Re7 18. g4 Nf4 19. h3 Nxg2 20. Kxg2 Qd5 21. g5 e4
22. dxe4 Nxe4 23. f6 Re6 24. fxg7 Rfe8 25. b3 Rg6 26. Rxe4 Rxe4 27. Re1 Rxg5+
28. Bxg5 Qxg5+ 29. Kf1 Rxe1+ 30. Kxe1 Kxg7 31. Kf1 Qc1+ 32. Kg2 Qxc2 33. h4 Qg6+
34. Kf1 h5 35. Nd2 Bd8 36. Qf4 Qd3+ 37. Kg2 Qg6+ 38. Kf1 Qg4 39. Qe5+ Bf6 40.
Qe4 Qd1+ 41. Qe1 Qxe1+ 42. Kxe1 Bxh4 43. Ke2 Kf6 44. a5 Kf5 45. a6 Bd8 46. Nc4
h4 47. Na3 Bc7 48. Nb5 Bb8 49. Kf3 0-1

[Event "World Blitz Women 2025"]
[Site "Doha QAT"]
[Date "2025.12.29"]
[Round "2.10"]
[White "Zhang, Lanlin"]
[Black "Divya, Deshmukh"]
[Result "0-1"]
[WhiteTitle "WIM"]
[BlackTitle "GM"]
[WhiteElo "2291"]
[BlackElo "2497"]
[WhiteFideId "8608032"]
[BlackFideId "35006916"]
[EventDate "2025.12.29"]

1. e4 g6 2. d4 Bg7 3. Nc3 d6 4. Nf3 Nf6 5. Be2 O-O 6. O-O Nc6 7. h3 a6 8. a4 e6
9. Be3 b6 10. Qd2 Bb7 11. Bh6 Ne7 12. Bxg7 Kxg7 13. Qe3 c5 14. Rad1 Qc7 15. e5
dxe5 16. dxe5 Nfd5 17. Nxd5 Nxd5 18. Qg5 h6 19. Qg3 Rad8 20. h4 Qc6 21. c4 Ne7
22. Qf4 Nf5 23. Rxd8 Rxd8 24. g4 Rd4 25. Qc1 Rxg4+ 26. Kh2 Nxh4 27. Kh3 Nxf3 28.
Kxg4 Qe4+ 29. Kg3 Qh4+ 0-1

[Event "World Blitz Women 2025"]
[Site "Doha QAT"]
[Date "2025.12.29"]
[Round "2.11"]
[White "Bivol, Alina"]
[Black "Roebers, Eline"]
[Result "1/2-1/2"]
[WhiteTitle "IM"]
[BlackTitle "IM"]
[WhiteElo "2360"]
[BlackElo "2396"]
[WhiteFideId "4100123"]
[BlackFideId "1058401"]
[EventDate "2025.12.29"]

1. e4 c5 2. Nf3 Nc6 3. c3 Nf6 4. e5 Nd5 5. Bc4 e6 6. O-O Nb6 7. Bb3 c4 8. Bc2 d6
9. exd6 Bxd6 10. d3 cxd3 11. Qxd3 Bc7 12. Na3 Qxd3 13. Bxd3 O-O 14. Nb5 Bb8 15.
a4 Nd5 16. Rd1 a6 17. Nbd4 Nxd4 18. Nxd4 b6 19. Nc6 Bc7 20. c4 Nf6 21. Ne7+ Kh8
22. Nxc8 Raxc8 23. h3 Be5 24. Be3 Rc6 25. f4 Bd6 26. a5 Bc5 27. Kf2 Rb8 28. Bxc5
bxc5 29. Rab1 Kg8 30. Be2 Ne4+ 31. Ke3 Nd6 32. b3 Nf5+ 33. Kf2 Kf8 34. Bf3 Rc7
35. Be4 Ke7 36. Bxf5 exf5 37. Rd5 g6 38. Re1+ Kf8 39. Re3 Rc6 40. Rd7 Re6 41.
Rxe6 fxe6 42. Rxh7 Rxb3 43. Rc7 Rb4 44. Rxc5 Kf7 45. Rc6 Ra4 46. Rxa6 Rxc4 47.
Kg3 Kf6 48. Ra8 Ra4 49. a6 Ra3+ 50. Kh4 Ra4 51. a7 Kg7 52. Kg5 Ra5 53. h4 Ra6
54. h5 gxh5 55. Kxh5 Ra2 56. g4 fxg4 57. Kxg4 Ra5 58. Kf3 Ra4 59. Kg4 Ra5 60.
Kh4 Kh7 61. f5 exf5 62. Kg5 Kg7 63. Kf4 Kh7 64. Kg5 Kg7 1/2-1/2

[Event "World Blitz Women 2025"]
[Site "Doha QAT"]
[Date "2025.12.29"]
[Round "2.12"]
[White "Danielian, Elina"]
[Black "Rakshitta, Ravi"]
[Result "1-0"]
[WhiteTitle "GM"]
[BlackTitle "WGM"]
[WhiteElo "2408"]
[BlackElo "2381"]
[WhiteFideId "13300210"]
[BlackFideId "25073230"]
[EventDate "2025.12.29"]

1. d4 Nf6 2. Bg5 d5 3. Bxf6 exf6 4. e3 c6 5. c4 dxc4 6. Bxc4 Bd6 7. Nc3 O-O 8.
Nf3 Nd7 9. O-O f5 10. Qc2 g6 11. a3 Nf6 12. Rfd1 Qe7 13. d5 cxd5 14. Nxd5 Nxd5
15. Bxd5 Be6 16. Qb3 Bxd5 17. Rxd5 b6 18. Rad1 Bc5 19. Rd7 Qf6 20. g3 Rfd8 21.
Qd5 Re8 22. b4 Bf8 23. Ng5 Be7 24. h4 h6 25. Nf3 Rad8 26. Qb7 a5 27. bxa5 bxa5
28. a4 Bb4 29. Kg2 Rc8 30. Qb5 Rf8 31. R1d5 Rc2 32. h5 Qb2 33. Qf1 Rc1 34. Rd1
Rxd1 35. Qxd1 g5 36. Qd5 Qf6 37. Nd4 Rc8 38. Qxf5 Qxf5 39. Nxf5 Rc6 40. g4 Be1
41. Kf1 Bb4 42. Ke2 Rc2+ 43. Kf3 Bf8 44. Ra7 Bb4 45. Nxh6+ Kf8 46. Nxf7 Ra2 47.
Nxg5 Rxa4 48. h6 Bc3 49. Ra8+ Ke7 50. h7 Ra1 51. h8=Q Bxh8 52. Rxh8 a4 53. Ra8
a3 54. Ne4 Kd7 55. Nc3 Kc6 56. g5 Kb7 57. Ra4 Kc6 58. g6 Kc5 59. g7 Rg1 60. Rxa3
Kb4 61. Ra8 Rxg7 62. Nd5+ Kc5 63. Rd8 Kc6 64. Nf4 Rf7 65. e4 Kc7 66. Rd5 Rh7 67.
Ke3 Kc6 68. f3 Rf7 69. Nd3 Ra7 70. f4 Ra3 71. f5 1-0

[Event "World Blitz Women 2025"]
[Site "Doha QAT"]
[Date "2025.12.29"]
[Round "2.13"]
[White "Mamedjarova, Turkan"]
[Black "Stefanova, Antoaneta"]
[Result "0-1"]
[WhiteTitle "WGM"]
[BlackTitle "GM"]
[WhiteElo "2216"]
[BlackElo "2391"]
[WhiteFideId "13402005"]
[BlackFideId "2902257"]
[EventDate "2025.12.29"]

1. d4 d5 2. Nf3 Nf6 3. e3 Bf5 4. c4 c6 5. Nc3 e6 6. Bd3 Bxd3 7. Qxd3 Nbd7 8. O-O
Bb4 9. Bd2 a5 10. cxd5 exd5 11. Ne2 Bd6 12. Ng3 O-O 13. Rfe1 Re8 14. a3 a4 15.
b3 axb3 16. Qxb3 Qc7 17. Bb4 Bxg3 18. hxg3 Ne4 19. Rac1 Qb6 20. Qd3 Qd8 21. Rb1
Re6 22. Rec1 Rh6 23. Be1 b5 24. Ne5 Nxe5 25. dxe5 Qe7 26. f3 Nc5 27. Qd4 Nd7 28.
Bb4 Qxe5 29. Qxe5 Nxe5 30. Rc3 Nc4 31. Kf2 Re6 32. Bc5 h6 33. Rd1 Ree8 34. Rh1
Ra4 35. Rd1 Rea8 36. f4 R8a6 37. Rdd3 f5 38. Bb4 Kf7 39. Kf3 h5 40. Bc5 Ke6 41.
Bf8 g6 42. Bc5 Nd6 43. Bb4 Ne4 44. Rc2 Kd7 45. Rd1 Ra8 46. Rdc1 R4a6 47. Rd1 Re8
48. Rd4 Re6 49. Rd1 Ra8 50. Rdc1 Rae8 51. Re1 Rc8 52. Rec1 Nd6 53. Bc5 Nc4 54.
Rc3 Nd2+ 55. Ke2 Ne4 56. Rd3 Nxg3+ 57. Kf3 Ne4 58. Bd4 Ra8 59. Be5 g5 60. Bd4
g4+ 61. Ke2 h4 62. Rb1 Rh6 63. Be5 h3 64. gxh3 Rxh3 65. Rdb3 Rh2+ 66. Ke1 Nd2
67. R1b2 Nf3+ 68. Kf1 Rxb2 69. Rxb2 Rxa3 70. Bd4 Nxd4 0-1

[Event "World Blitz Women 2025"]
[Site "Doha QAT"]
[Date "2025.12.29"]
[Round "2.14"]
[White "Nurgaliyeva, Zarina"]
[Black "Khademalsharieh, Sarasadat"]
[Result "1-0"]
[WhiteTitle "WIM"]
[BlackTitle "IM"]
[WhiteElo "2305"]
[BlackElo "2414"]
[WhiteFideId "13730096"]
[BlackFideId "12512214"]
[EventDate "2025.12.29"]

1. e4 e5 2. Nf3 Nc6 3. Nc3 Nf6 4. Bb5 Bd6 5. d3 a6 6. Ba4 O-O 7. a3 b5 8. Bb3
Be7 9. h3 d6 10. Nd5 Nxd5 11. Bxd5 Bb7 12. O-O Bf6 13. Be3 Rb8 14. c3 Ne7 15.
Bxb7 Rxb7 16. d4 Ng6 17. Qc2 Qe7 18. a4 Re8 19. axb5 axb5 20. d5 h6 21. Ra6 Bg5
22. Nxg5 hxg5 23. Rfa1 Nf4 24. Ra7 Reb8 25. Bxf4 gxf4 26. Qe2 c6 27. Rxb7 Qxb7
28. dxc6 Qxc6 29. Rd1 b4 30. c4 b3 31. Rd5 Rc8 32. c5 dxc5 33. Qc4 Qe6 34. Qxb3
c4 35. Qc3 f6 36. b3 Qb6 37. bxc4 Qb1+ 38. Kh2 Qxe4 39. Rd7 Rxc4 40. Qb3 Kh7 41.
Qb8 f3 42. Rd8 Kg6 43. Rh8 Qc6 44. Qf8 Qc7 45. Rg8 e4+ 46. g3 Rc2 47. Qe8+ Kf5
48. Qh5+ g5 49. Qg4+ Ke5 50. Re8+ Kd6 51. Re6+ Kc5 52. Qf5+ Kb4 53. Rxe4+ Rc4
54. Re3 Qc5 55. Qxf3 f5 56. Ra3 Kb5 57. Rb3+ Ka4 58. Rb1 Qc6 59. Qb3+ Ka5 60.
Ra1+ 1-0